<?xml version="1.0" encoding="UTF-8"?>
<collection xmlns="http://www.loc.gov/MARC21/slim">
  <record>
    <leader>00000nam  2200000   4500</leader>
    <controlfield tag="001">INLIS000000000011174</controlfield>
    <controlfield tag="005">20210910023936</controlfield>
    <datafield tag="035" ind1="#" ind2="#">
      <subfield code="a">0010-0921000016</subfield>
    </datafield>
    <controlfield tag="007">ta</controlfield>
    <controlfield tag="008">210910################g##########0#eng##</controlfield>
    <datafield tag="020" ind1="#" ind2="#">
      <subfield code="a">0891585621</subfield>
    </datafield>
    <datafield tag="082" ind1="#" ind2="#">
      <subfield code="a">338.200 172 6</subfield>
    </datafield>
    <datafield tag="084" ind1="#" ind2="#">
      <subfield code="a">338.200 172 6 Cob g</subfield>
    </datafield>
    <datafield tag="245" ind1="#" ind2="#">
      <subfield code="a">Governments and mining companies in developing countries /</subfield>
      <subfield code="c">James H Cobbe</subfield>
    </datafield>
    <datafield tag="260" ind1="#" ind2="#">
      <subfield code="a">Colorado :</subfield>
      <subfield code="b">Westview Press,</subfield>
      <subfield code="c">1979</subfield>
    </datafield>
    <datafield tag="300" ind1="#" ind2="#">
      <subfield code="a">xii, 332 hal. :</subfield>
      <subfield code="b">ilus. ;</subfield>
      <subfield code="c">24 cm</subfield>
    </datafield>
    <datafield tag="650" ind1="#" ind2="#">
      <subfield code="a">daerah tertinggal - Mineral Industri</subfield>
    </datafield>
    <datafield tag="856" ind1="#" ind2="#">
      <subfield code="a">Perpustakaan LAN</subfield>
    </datafield>
    <datafield tag="990" ind1="#" ind2="#">
      <subfield code="a">18876</subfield>
    </datafield>
  </record>
</collection>
